Oeuvres Complètes
Shranjeno v:
| Glavni avtor: | |
|---|---|
| Format: | Knjiga |
| Jezik: | latinščina francoščina |
| Izdano: |
París
Chez Firmin Didot et Cie
1877
|
| Izdaja: | 1a. ed |
| Serija: | Colecction des Auteurs Latins, 24-25
|
| Teme: | |
| Oznake: |
Označite
Brez oznak, prvi označite!
|
MARC
| LEADER | 00000nam a2200000 a 4500 | ||
|---|---|---|---|
| 001 | UCJ8518 | ||
| 003 | CL-VaPUC | ||
| 008 | 070124e18770000FR |||||||||||||||||lat|d | ||
| 041 | 0 | 7 | |a lat |2 CL-VaPUC |
| 041 | 0 | 7 | |a fre |2 CL-VaPUC |
| 082 | 0 | 4 | |a 870 |b TIT |2 21 |
| 100 | 0 | |a Tito Livio |e author |9 402587 | |
| 245 | 1 | 0 | |a Oeuvres Complètes |
| 250 | |a 1a. ed | ||
| 300 | |a 2 v | ||
| 942 | |c BK | ||
| 945 | |d 20070124 00:00:00 |a rinostro | ||
| 260 | |a París |b Chez Firmin Didot et Cie |c 1877 | ||
| 500 | |a Ex libris de Blanca Vergara Errázuriz, de la familia de los Vergara que fundaron la ciudad de Viña del Mar | ||
| 600 | 0 | 7 | |a VERGARA ERRAZURIZ, BLANCA |2 CL-VaPUC |9 517305 |
| 650 | 7 | |a CLASICOS LATINOS |2 CL-VaPUC |9 505304 | |
| 650 | 0 | |a Literatura latina |9 258055 | |
| 650 | 7 | |a BIOGRAFIA |2 CL-VaPUC |9 504622 | |
| 650 | 7 | |a EX LIBRIS |2 CL-VaPUC |9 505186 | |
| 583 | |a last modification |c 20190801 09:41:16 |k Rodrigo Vera | ||
| 490 | 0 | |a Colecction des Auteurs Latins, 24-25 | |
| 999 | |c 324203 |d 324201 | ||
| 952 | |0 0 |1 0 |4 0 |6 870_000000000000000_TIT_1877 |7 0 |8 X |9 404171 |a FDOBUD |b FDOBUD |d 2019-11-22 |h v.1 |i 1079131 |o 870 TIT 1877 |p 1079131 |r 2019-11-22 |w 2019-11-22 |y BK_X |k BUD | ||
| 952 | |0 0 |1 0 |4 0 |6 870_000000000000000_TIT_1877 |7 0 |8 X |9 404172 |a FDOBUD |b FDOBUD |d 2019-11-22 |h v.2 |i 107914K |o 870 TIT 1877 |p 107914K |r 2019-11-22 |w 2019-11-22 |y BK_X |k BUD | ||